<?xml version="1.0" encoding="UTF-8"?>
<record
    xmlns:xsi="http://www.w3.org/2001/XMLSchema-instance"
    xsi:schemaLocation="http://www.loc.gov/MARC21/slim http://www.loc.gov/standards/marcxml/schema/MARC21slim.xsd"
    xmlns="http://www.loc.gov/MARC21/slim">

  <leader>00549nam a22001697a 4500</leader>
  <controlfield tag="005">20250812122256.0</controlfield>
  <controlfield tag="008">250812b        |||||||| |||| 00| 0 eng d</controlfield>
  <datafield tag="020" ind1=" " ind2=" ">
    <subfield code="a">9781760630720</subfield>
  </datafield>
  <datafield tag="041" ind1=" " ind2=" ">
    <subfield code="a">Eng</subfield>
  </datafield>
  <datafield tag="082" ind1=" " ind2=" ">
    <subfield code="a">158 KIS</subfield>
  </datafield>
  <datafield tag="100" ind1=" " ind2=" ">
    <subfield code="a">Kishimi,  Ichiro </subfield>
  </datafield>
  <datafield tag="245" ind1=" " ind2=" ">
    <subfield code="a">Courage To Be Disliked The: How to free yourself change your life and achieve real happiness</subfield>
  </datafield>
  <datafield tag="260" ind1=" " ind2=" ">
    <subfield code="a">Gurugram</subfield>
    <subfield code="b">Penguin Random House India (Allen &amp; Unwin )</subfield>
    <subfield code="c">2018</subfield>
  </datafield>
  <datafield tag="300" ind1=" " ind2=" ">
    <subfield code="a">288;. p. 22 cm</subfield>
  </datafield>
  <datafield tag="650" ind1=" " ind2=" ">
    <subfield code="a">Self Actualization; Psychology; Thought and Thinking</subfield>
  </datafield>
  <datafield tag="942" ind1=" " ind2=" ">
    <subfield code="c">BK</subfield>
  </datafield>
  <datafield tag="999" ind1=" " ind2=" ">
    <subfield code="c">46462</subfield>
    <subfield code="d">46462</subfield>
  </datafield>
  <datafield tag="952" ind1=" " ind2=" ">
    <subfield code="0">0</subfield>
    <subfield code="1">0</subfield>
    <subfield code="2">ddc</subfield>
    <subfield code="4">0</subfield>
    <subfield code="7">0</subfield>
    <subfield code="a">IMTN</subfield>
    <subfield code="b">IMTN</subfield>
    <subfield code="c">Rack 1-B</subfield>
    <subfield code="d">2025-08-11</subfield>
    <subfield code="e">Amazon.in</subfield>
    <subfield code="g">299.00</subfield>
    <subfield code="i">IN-875</subfield>
    <subfield code="l">2</subfield>
    <subfield code="o">158 KIS</subfield>
    <subfield code="p">33932</subfield>
    <subfield code="q">2025-10-23</subfield>
    <subfield code="r">2025-10-13 00:00:00</subfield>
    <subfield code="s">2025-10-13</subfield>
    <subfield code="w">2025-06-06</subfield>
    <subfield code="y">BK</subfield>
    <subfield code="z">Faculty Purchase by Dr. Jitendra Sharma</subfield>
  </datafield>
</record>
